Atlas of pain management injection techniques / (Record no. 130125)
[ view plain ]
| 000 -LEADER | |
|---|---|
| fixed length control field | 00601cam a2200205 a 4500 |
| 001 - CONTROL NUMBER | |
| control field | 17229142 |
| 005 - DATE AND TIME OF LATEST TRANSACTION | |
| control field | 20230125104949.0 |
| 008 - FIXED-LENGTH DATA ELEMENTS--GENERAL INFORMATION | |
| fixed length control field | 120326s2013 paua b 001 0 eng |
| 020 ## - INTERNATIONAL STANDARD BOOK NUMBER | |
| International Standard Book Number | 9780323828260 (hardcover : alk. paper) |
| 040 ## - CATALOGING SOURCE | |
| Transcribing agency | PK-LaUMT |
| 082 00 - DEWEY DECIMAL CLASSIFICATION NUMBER | |
| Classification number | 615.6 |
| Edition number | 23 |
| Item number | WAL-A |
| 100 1# - MAIN ENTRY--PERSONAL NAME | |
| Personal name | Waldman, Steven D. |
| 245 10 - TITLE STATEMENT | |
| Title | Atlas of pain management injection techniques / |
| Statement of responsibility, etc | by Steven D. Waldman |
| 250 ## - EDITION STATEMENT | |
| Edition statement | 5th ed. |
| 260 ## - PUBLICATION, DISTRIBUTION, ETC. (IMPRINT) | |
| Place of publication, distribution, etc | Philadelphia, PA : |
| Name of publisher, distributor, etc | Elsevier, |
| Date of publication, distribution, etc | 2023 |
| 300 ## - PHYSICAL DESCRIPTION | |
| Extent | 933 p. : |
| Other physical details | ill. ; |
| Dimensions | 29 cm. |
| 650 12 - SUBJECT ADDED ENTRY--TOPICAL TERM | |
| Topical term or geographic name as entry element | Pain |
| General subdivision | drug therapy |
| 650 22 - SUBJECT ADDED ENTRY--TOPICAL TERM | |
| Topical term or geographic name as entry element | Injections |
| General subdivision | methods |
| 942 ## - ADDED ENTRY ELEMENTS (KOHA) | |
| Koha item type | Books |
| Withdrawn status | Lost status | Damaged status | Home library | Current library | Date acquired | Full call number | Barcode | Date last seen | Price effective from | Koha item type | Copy number |
|---|---|---|---|---|---|---|---|---|---|---|---|
| UMT Health Sciences Campus | UMT Health Sciences Campus | 2023-01-25 | 615.6 WAL-A | 144453 | 2023-01-25 | 2023-01-25 | Books | ||||
| UMT Health Sciences Campus | UMT Health Sciences Campus | 2023-01-25 | 615.6 WAL-A | 144454 | 2025-07-11 | 2023-01-25 | Books | C.2 | |||
| UMT Health Sciences Campus | UMT Health Sciences Campus | 2025-03-06 | 615.6 WAL-A | 148996 | 2025-05-24 | 2025-03-06 | Books | C.3 | |||
| UMT Health Sciences Campus | UMT Health Sciences Campus | 2025-03-06 | 615.6 WAL-A | 148997 | 2025-03-06 | 2025-03-06 | Books | C.4 | |||
| UMT Main Campus | UMT Health Sciences Campus | 2025-03-06 | 615.6 WAL-A | 148998 | 2025-05-24 | 2025-03-06 | Books | C.5 |
